The collected poems / (Record no. 9628)

MARC details
000 -LEADER
fixed length control field 01351nam a22002417a 4500
001 - CONTROL NUMBER
control field 9628
003 - CONTROL NUMBER IDENTIFIER
control field FISKH
005 - DATE AND TIME OF LATEST TRANSACTION
control field 20260126143235.0
008 - FIXED-LENGTH DATA ELEMENTS--GENERAL INFORMATION
fixed length control field 260126b cb ||||| |||| 00| 0 eng d
020 ## - INTERNATIONAL STANDARD BOOK NUMBER
International Standard Book Number 9780099583097
040 ## - CATALOGING SOURCE
Original cataloging agency FISKH
Language of cataloging eng
Transcribing agency FISKH
Modifying agency FISKH
050 ## - LIBRARY OF CONGRESS CALL NUMBER
Classification number PS3511 .R94
082 ## - DEWEY DECIMAL CLASSIFICATION NUMBER
Classification number 811.52
100 ## - MAIN ENTRY--PERSONAL NAME
Personal name Frost, Robert
245 ## - TITLE STATEMENT
Title The collected poems /
Statement of responsibility, etc. By Robert Frost
260 ## - PUBLICATION, DISTRIBUTION, ETC.
Place of publication, distribution, etc. New York :
Name of publisher, distributor, etc. Vintage Classics ,
Date of publication, distribution, etc. 1969 .
300 ## - PHYSICAL DESCRIPTION
Extent 607 pages :
Other physical details illustrations ;
Dimensions 20 cm .
520 ## - SUMMARY, ETC.
Summary, etc. Drawing upon everyday incidents, common situations, and rural imagery, Robert Frost fashioned poetry of great lyrical beauty and potent symbolism. His language is simple, clear, and colloquial, yet dense with meaning and wider significance. This brilliant collection features some of Frost's greatest works, including "The Road Not Taken," "Asking for Roses," "The Death of the Hired Man," "In the Home Stretch," "Into My Own," "Meeting and Passing," "Mending Wall," and more. These poems are brought to life by several award-winning performers including Susan Anspach, Roscoe Lee Browne, Elliott Gould, Arte Johnson, Melissa Manchester, Kevin McCarthy, Jean Smart, Michael Tucker, Alfre Woodard, and Efrem Zimbalist, Jr.
650 ## - SUBJECT ADDED ENTRY--TOPICAL TERM
Topical term or geographic name entry element Poetry
Form subdivision Fiction
650 ## - SUBJECT ADDED ENTRY--TOPICAL TERM
Topical term or geographic name entry element Classics
Form subdivision Fiction
942 ## - ADDED ENTRY ELEMENTS (KOHA)
Source of classification or shelving scheme Dewey Decimal Classification
Koha item type Books
Suppress in OPAC No
Holdings
Withdrawn status Lost status Source of classification or shelving scheme Damaged status Not for loan Collection Home library Current library Shelving location Date acquired Total Checkouts Full call number Barcode Date last seen Price effective from Koha item type
    Dewey Decimal Classification     Fiction Footprints International School Library Network Toul Tom Poung Campus Footprints International School Library Network Toul Tom Poung Campus TTP Secondary Fiction Bookshelves 01/26/2026   FRO 811.52 PS3511 .R94 2026-0144 01/26/2026 01/26/2026 Books